000 00394nam a2200133Ia 4500
008 210210b1958 xxu||||| |||| 00| 0 eng d
082 _aS891.2 CHOS
100 _aCHOKKANATHA.
245 _aSevantikaparinayantakam of Sri Chokkanatha. Ed by Vidwan S Narayanaswamy Sastri.
260 _aMysore.
_bUniversity of Mysore.,
_c1958
300 _axxiv,167
690 _aSanskrit Drama
906 _a045818
999 _c95086
_d95086